00369pab a2200121 454500008004000000100002200040245011000062260000900172300001500181650001100196650001400207773002600221180718b2013 xxu||||| |||| 00| 0 eng d aGegout, Catherine aThe international criminal court: Limits, potential and conditions for the promotion of justice and peace c2013 ap.800-818. aCourts aJudiciary aThird World Quarterly